Statistics for WWF Royal Rumble 1988 Entrants Quiz

Click here to take the quiz!

General Stats

  • This quiz has been taken 56 times
  • The average score is 12 of 20

Answer Stats

EN Answer EL % Correct
13Hacksaw Jim DugganW
95%
1Bret Hart8
92%
4Jim "The Anvil" Neidhart6
76%
5Jake Roberts10
73%
2Tito Santana2
68%
19One Man Gang19
68%
20Junkyard Dog15
59%
18The Ultimate Warrior14
59%
17Dino Bravo18
59%
12Nikolai Volkoff11
54%
16Hillbilly Jim12
54%
11Don Muraco17
51%
7"Jumpin" Jim Brunzell5
51%
6Harley Race4
51%
3Butch Reed1
51%
14Ron Bass16
49%
15B. Brian Blair9
46%
9Danny Davis13
41%
8Sam Houston7
38%
10Boris Zhukov3
30%

Score Distribution

Percentile by Number Answered

Percent of People with Each Score

Your Score History

You have not taken this quiz